|
|
|
|
| LEADER |
01168nam a2200277 a 4500 |
| 001 |
GR-Antirio570 |
| 008 |
090216s2006 mau b 001 0 gre d |
| 020 |
|
|
|a 159693008X
|
| 040 |
|
|
|a GrPaTEI
|b gre
|c GR-PaULI
|
| 040 |
|
|
|a GrPaTEI
|b gre
|c GR-PaULI
|
| 040 |
|
|
|a GrPaTEI
|b gre
|c GR-PaULI
|
| 082 |
|
0 |
|a 005.8
|2 22
|
| 100 |
0 |
|
|a Aissi, Selim
|
| 245 |
1 |
0 |
|a Security for mobile networks and platforms /
|c Aissi, Selim,, Dabbous, Nora,, Prasad, Anand R.
|
| 260 |
|
|
|a Boston , London :
|b Artech House,
|c c 2006
|
| 300 |
|
|
|a xvi. , 313 σ. :
|b εικ. ;
|c 24 εκ.
|
| 490 |
0 |
|
|a Artech House universal personal communications series.
|
| 504 |
|
|
|a Περιλαμβάνει βιβλιογραφίες και ευρετήριο.
|
| 650 |
1 |
0 |
|a Wireless communication systems
|
| 653 |
|
|
|a COMPUTER NETWORKS--SECURITY MEASURES
|
| 700 |
0 |
|
|a Dabous, Nora
|
| 700 |
0 |
|
|a Prasad, Anand R.
|
| 942 |
|
|
|2 ddc
|
| 952 |
|
|
|0 0
|1 0
|2 ddc
|4 0
|6 005_800000000000000_AIS
|7 0
|9 261716
|a LISK-2
|b LISK-2
|c BSC
|d 2021-01-17
|e 24
|f 0
|g 0.00
|l 0
|o 005.8 AIS
|p 2430000006644
|r 2021-01-17 00:00:00
|t 1
|w 2021-01-17
|y BK15
|x 20090216 0 1
|x GrPaTEI - Antirrio
|
| 971 |
|
|
|a .b25703699
|b 01-10-20
|c 12-09-16
|
| 999 |
|
|
|c 151029
|d 151029
|